000
00204 a2200097 4500
001
4269
100
_a
Jacobsen,L.D
245
_a
Engineering vibrations
260
_a
_b
Mcgrawhill
_c
090
_c
3486
_d
3486
942
_a
NUST-CAE
_c
M
_c
27624
999
_c
239342
_d
239342